000 00295nam a22001337a 4500
008 170908b xxu||||| |||| 00| 0 eng d
020 _a9780716738411
041 _aeng
080 _a91
100 _a42
101 _aGEO
245 _aWORLD REGIONAL GEOGRAPHY
_cMIHELIC.L
942 _2udc
_cBK
999 _c26726
_d26726